• 首页
  • 本馆介绍
  • 公告通知
  • 最新文献
  • 馆藏检索
  • 电子资源
  • 读者导购
  • 参考咨询
  • 我的图书馆
  • 登录
  • 详细信息显示
  • 放入我的书架
  • 预约/预借图书
  • 作者相关作品
  • 分类相关作品
  • 丛书相关作品
  • 出版社相关作品

书目信息

  • 表格格式
  • 工作单格式
  • 卡片格式
题名:
无线通信网络概论
    
 
作者: 禹帆 编著
分册:  
出版信息: 北京   清华大学出版社  2002
页数: 211页
开本: 24cm
丛书名:
单 册:
中图分类: TN925.93
科图分类:
主题词: 无线电通信--概论 , 无线电接力通信 , 微波通信
电子资源:
ISBN: 7-302-05985-3
000 00610nam0 2200217 45
001 0303040819
005 20031219104106.2
010    @a7-302-05985-3@dCNY22.00
100    @a20030304d2002 km y0chiy0120 ea
101 0  @achi
105    @a z 000yy
200 1  @a无线通信网络概论@AWu Xian Tong Xin Wang Luo Gai Lun@f禹帆编著@FYu Fan Bian Zhu
210    @a北京@c清华大学出版社@d2002
215    @a211页@d24cm
606 0  @a无线电通信@x概论
606 0  @a无线电接力通信
606 0  @a微波通信
690    @aTN925.93@v4
701  0 @a禹帆@4编著
801    @aCN@bTSTC@c20030305
905    @b320627-631@dTN925.93@e23@f5
    
    无线通信网络概论/禹帆编著.-北京:清华大学出版社,2002
    211页;24cm
    
    
    ISBN 7-302-05985-3:CNY22.00
    
●
相关链接 在E读中查询图书 在五车中查询图书 在当当中查询图书 在豆瓣中查询图书


正题名:无线通信网络概论     索取号:TN925.93/23         预约/预借

序号 登录号 条形码 馆藏地/架位号 状态 备注
1 0320627   203206271   第三借阅区/ [索取号:TN925.93/23] 在馆    
2 0320628   203206280   第三借阅区/ [索取号:TN925.93/23] 在馆    
3 0320629   203206299   第三借阅区/ [索取号:TN925.93/23] 在馆    
4 0320630   203206306   第三借阅区/ [索取号:TN925.93/23] 在馆    
5 0320631   203206315   第二样本阅览室/ [索取号:TN925.93/23] 在馆    
唐山师范学院图书馆 欢迎您!
大连网信软件有限公司© 版权所有